| 000 | 00477nam a2200181Ia 4500 | ||
|---|---|---|---|
| 005 | 20250326142016.0 | ||
| 008 | 250326s9999 xx 000 0 und d | ||
| 037 | _aTextbook | ||
| 040 |
_aFMSL _beng _cFMSL |
||
| 041 |
_aeng _2eng |
||
| 084 | _qFMSL | ||
| 100 | _aKOTHARI | ||
| 245 | 0 |
_aKotharies Industrial directory of India 1988-89 _cKOTHARI |
|
| 260 |
_aMadras _bMadras, Kothari Enterprieses _c1988 |
||
| 300 | _a2314p | ||
| 942 | _cTB | ||
| 999 |
_c1293023 _d1293023 |
||